000 00751nam a2200217 i 4500
001 bg
100 1 _aMOJSKI, Józef Edward
245 1 0 _aZiemie polskie w czwartorzędzie :
_bzarys morfogenezy /
_cJózef Edward Mojski.
260 _aWarszawa :
_bPaństwowy Instytut Geologiczny,
_c2005.
300 _a404 s., [1] k. tabl. złoż. :
_bmapy, rys., wykr. ;
_c26 cm.
504 _aBibliogr.
650 9 _aCzwartorzęd
_zPolska
020 _a8373728465
040 _cBPK
041 0 _apol
080 _a551.79:551.3/.4](438)
920 _a83-7372-846-5
942 _cKS
008 s pl f |000 0 pol
999 _c51366
_d51366
856 _uhttp://koha.tu.koszalin.pl/cgi-bin/koha/opac-detail.pl?biblionumber=51366
_yKatalog online BPK